A move toward European retail (Record no. 78561)
[ view plain ]
| 000 -LEADER | |
|---|---|
| fixed length control field | 00975cab a22001935a 4500 |
| 001 - CONTROL NUMBER | |
| control field | L137151 |
| 008 - FIXED-LENGTH DATA ELEMENTS--GENERAL INFORMATION | |
| fixed length control field | 070319e2007 xxk 000 0 eng d |
| 035 ## - SYSTEM CONTROL NUMBER | |
| System control number | (Sirsi) u137151 |
| 041 ## - LANGUAGE CODE | |
| Language code of text/sound track or separate title | eng |
| 100 1# - MAIN ENTRY--PERSONAL NAME | |
| Personal name | Skinner, David |
| 245 02 - TITLE STATEMENT | |
| Title | A move toward European retail |
| 260 ## - PUBLICATION, DISTRIBUTION, ETC. | |
| Date of publication, distribution, etc. | 2007 |
| 490 #0 - SERIES STATEMENT | |
| Series statement | Journal of Property Investment and Finance |
| Volume/sequential designation | 25(2) 2007, 166-178(13) |
| 520 ## - SUMMARY, ETC. | |
| Summary, etc. | Discusses the sectoral composition of Europe's real estate investment market, and the factors likely to drive a shift in portfolio composition away from the office sector toward retail. Reports that many investors are modifying strategy to capitalise on the expected outperformance of the office sector over the short to medium term. Predicts that a substantial, long term increase in the portfolio weightings of retail and other property types will occur in mainland Europe. |
| 590 ## - LOCAL NOTE (RLIN) | |
| Local note | KA |
| 651 #4 - SUBJECT ADDED ENTRY--GEOGRAPHIC NAME | |
| Geographic name | EUROPE |
| 690 ## - LOCAL SUBJECT ADDED ENTRY--TOPICAL TERM (OCLC, RLIN) | |
| Topical term or geographic name as entry element | PROPERTY-COMMERCIAL PROPERTY-RETAIL PROPERTY |
| 942 ## - ADDED ENTRY ELEMENTS (KOHA) | |
| Suppress in OPAC | 0 |
| Withdrawn status | Lost status | Source of classification or shelving scheme | Damaged status | Not for loan | Home library | Current library | Shelving location | Date acquired | Total Checkouts | Full call number | Barcode | Date last seen | Copy number | Price effective from | Koha item type |
|---|---|---|---|---|---|---|---|---|---|---|---|---|---|---|---|
| Dewey Decimal Classification | London | London | Journal article | 19/03/2007 | L137151 | 137151-1001 | 06/08/2019 | 1 | 06/08/2019 | Journal article |